000
00306nam a22001337a 4500
008
170418b xxu||||| |||| 00| 0 eng d
020
_a
0824765338
041
_a
eng
080
_a
573
100
_a
11
101
_a
SHM
245
_a
THE MOLECULAR BIOLOGY OF ANIMAL VIRUSES
_c
NAYAK, D.P
942
_2
udc
_c
BK
999
_c
11043
_d
11043